Resistencia campesina : (Registro nro. 14465)

Detalles MARC
000 -LIDER
fixed length control field 01671nam a22003017a 4500
003 - IDENTIFICACDOR DE NÚMERO DE CONTROL
control field DO-SdBNP
005 - DATE AND TIME OF LATEST TRANSACTION
control field 20230831110152.0
008 - ELEMENTOS DE LONGITUD FIJA
fixed length control field 210312b1984 dr 00| 0 spa d
040 ## - FUENTE DE CATALOGACIÓN
Agencia que crea de manera original el registro BPMSU
Idioma de catalogación spa
Agencia que realiza la transcripción BPMSU
082 #4 - NÚMERO DE CLASIFICACIÓN DECIMAL DE DEWEY
Classification number 305.5633
Item number M339r 1984
Edition number 22
100 1# - ASIENTO PRINCIPAL -- NOMBRE PERSONAL
Nombre personal San Miguel, Pedro L
245 10 - MENCIÓN DE TITULO
Título Resistencia campesina :
Subtítulo imperialismo y reforma agraria en la Reppublica Dominicana, (1899-1978) /
Mención de responsabilidad Mariñez, Pablo A. ; edición Eduardo Díaz Guerra ; prólogo Roger Bartra
260 ## - PUBLICACIÓN, DISTRIBUCIÓN, ETC. (PIE DE IMPRENTA)
Lugar de publicación, distribución, etc Santo Domingo :
Nombre del editor, distribuidor, etc. Ediciones CEPAE ,
Fecha de publicación, distribución, etc 1984
300 ## - DESCRIPCIÓN FÍSICA
Extensión 152 p.;
Dimensiones 21 cm.
500 ## - NOTA GENERAL
Nota general
504 ## - NOTA DE BIBLIOGRAFÍA, ETC.
Bibliography, etc Bibliografía : p. 278 -304.
505 0# - NOTA DE CONTENIDO
Texto normalizado de contenido Presentación -- Prólogo -- Introducción -- Levantamientos armados y caudillismo regional -- Resistencia campesina a la Ocupación Militar Campesina -- Nuevas condiciones de lucha -- Reforma agraria y resistencia campesina -- Notas bibliográfía
590 ## - NOTA LOCAL
Enlace Inventariado 2023/VM
650 #4 - ENCABEZAMIENTO DE MATERIA--TEMÁTICO
Término temático o nombre geográfico como elemento de entrada Derechos de los campesinos
Subdivisión geográfica República Dominicana
Subdivisión temática general
650 #4 - ENCABEZAMIENTO DE MATERIA--TEMÁTICO
Término temático o nombre geográfico como elemento de entrada Agricultura
Subdivisión temática general Aspectos económicos
Subdivisión geográfica República Dominicana
650 #4 - ENCABEZAMIENTO DE MATERIA--TEMÁTICO
Término temático o nombre geográfico como elemento de entrada Desarrollo rural
Subdivisión geográfica República Dominicana.
650 #4 - ENCABEZAMIENTO DE MATERIA--TEMÁTICO
Término temático o nombre geográfico como elemento de entrada Reforma agraria
Subdivisión geográfica República Dominicana
700 1# - ASIENTO SECUNDARIO -- NOMBRE PERSONAL
Nombre personal Díaz Guerra, Eduardo
Mención de responsabilidad ed.
700 1# - ASIENTO SECUNDARIO -- NOMBRE PERSONAL
Nombre personal Bartra, Roger
Mención de responsabilidad pról.
710 2# - ASIENTO SECUNDARIO -- NOMBRE CORPORATIVO
Nombre corporativo o de jurisdicción Centro de Planificación y Acción Ecuménica (República Dominicana)
910 ## - VALIDACIÓN
Validación VMateo V. Control de calidad. BPMSU
942 ## - ADDED ENTRY ELEMENTS (KOHA)
Source of classification or shelving scheme Dewey Decimal Classification
Koha item type Libros
Existencias
Withdrawn status Lost status Source of classification or shelving scheme Damaged status Not for loan Collection code Home library Current library Date acquired Total Checkouts Full call number Barcode Date last seen Price effective from Koha item type
    Dewey Decimal Classification     Colección Dominicana Biblioteca Pública Metropolitana Salomé Ureña Biblioteca Pública Metropolitana Salomé Ureña 08/31/2023   BPMSU CD 305.5633 M339r 1984 BPMSU23080029 08/31/2023 08/31/2023 Libros